MDQL
is popping MORE tags! Check the
thread
!
Quizzes
Events
Quiz Creation
Community
Videos
Private Events
Remove Ads
Sign In
Join for FREE
Feedback
Dark Mode
Quiz Categories
Sports
Geography
Music
Movies
Television
Just For Fun
Miscellaneous
History
Literature
Language
Science
Gaming
Entertainment
Religion
Holiday
For Kids
Quiz Lab
Recent
Popular Today
Quiz Kudos Today
Editor Picks
Curator Picks
Quizzes by...
Day
Popularity
Type
Ratings
Length
Year
Community
Subscriptions
Recent Discussions
Orange Saloon
Badges
Playlists
Quests
Create
Leaderboards
Showdown
Live 5
Trivia Bingo
Activity
Puzzle Library
Sporcle Events
Private Events
Virtual Trivia
Globe League
Become a Host
Pub Owners
SporcleCon
Opinionation
Our Games
Videos
Blog
Mobile Apps
Partnerships
Remove Ads and Go Orange
Feedback
Science
Computer
Plants
Astronomy
Chemistry
Elements
Math
Animal
Physics
Anatomy
Biology
Geology
General Science
Science
Computer
Plants
Astronomy
Chemistry
Elements
Math
Animal
Physics
Anatomy
Biology
Geology
General Science
Random Quiz
Search Sporcle
×
Quiz Lab
Quiz Lab
Science
Animal
Type answers based on single images at one time
Type answers based on single images at one time
Slideshow
Best Score? Go Orange.
Animals of the National Zoo Stats
Can you name the Animals of the National Zoo
By
ZooReviewer
10m
45 Questions
323 Plays
323 Plays
323 Plays
Comments
Comments
Give Quiz Kudos
Give Quiz Kudos
-
- Ratings
hide this ad
More Info
Replay
Link that replays current quiz
Next Quiz
Link to next quiz in quiz playlist
You Got
0%
They Got
Avg Score
52%
Avg Friend Score
Upgrade to see
Score Distribution
Jump to the score distribution portion of the page
Score
0/45
Timer
10:00
0
Plays Today
% Correct
Sumatran Tiger
99.1%
Asian Elephant
97.2%
Lion
93.5%
Giant Panda
75.5%
Blue Crab
74.5%
Western Lowland Gorilla
69.9%
Grand Cayman Iguana
67.1%
Borneo Orangutan
65.5%
Cuban Crocodile
64.9%
Burrowing Owl
64.6%
American Flamingo
64.3%
Red Panda
64%
Gray Wolf
64%
American Beaver
63.4%
Naked Mole Rat
59.3%
Asian Small-Clawed Otter
57.5%
Brown Pelican
57.1%
Chinese Alligator
56.8%
Giant Anteater
55.9%
Pacific Giant Octopus
55.3%
Keel-Billed Toucan
53.7%
Sloth Bear
52.8%
Brown Kiwi
52.5%
% Correct
Eclectus Parrot
50.3%
Black-Footed Ferret
50%
Red-Ruffed Lemur
49.1%
Komodo Dragon
48.8%
Golden Lion Tamarin
47.2%
Alligator Snapping Turtle
46.6%
King Vulture
45%
Southern Cassowary
45%
Double-Breasted Cormorant
43.2%
Whooping Crane
42.9%
Roseate Spoonbill
41.3%
Eyelash Viper
39.1%
Maned Wolf
37%
Dwarf Mongoose
35.7%
Micronesian Kingfisher
35.1%
Fishing Cat
33.9%
Przewalski's Wild Horse
32%
Kori Bustard
31.1%
Black and Rufous Elephant Shrew
31.1%
Guam Rail
24.5%
Pheasant Pigeon
14%
Asian Fairy Bluebird
10.2%
Quiz Playlist
Details
Report
Send in Message
Add To Playlist
More Info:
Can you name the animals from the Smithsonian's National Zoological Park? (Some answers may require a degree of specificity...)
Slideshow:
Type answers based on single images at one time
Quiz Source
Last Updated: Feb 16, 2017
Quiz Scoreboard
CHALLENGE
Sign Up to Join the Scoreboard
Show All
Scores
Hide
Comments
May contain spoilers
Recently Published
Colored Red Africa Blitz
by spor1
Geography
30s
Find the 'City' Movie
by crazypaving
Movies
60s
5x2 Blitz: Bands
by SL_Kpop136
Music
30s
More to Explore
Quiz From the Vault
Featured Blog Post
14 Easter Pick-up Lines to Find Eggs With
hide this ad
You Might Also Like...
Tags
Animal Quiz
Biology Quiz
bird
mammal
reptile
Washington D.C.
Zoo
Today's Top Quizzes in Science
Browse Science
hide this ad
Today's Top Quizzes in Animal
Browse Animal
Top Contributed Quizzes in Science
1
Windmill: Elements
2
Glycolysis
3
Square Numbers Scrambled (1-50)
4
17 TIMES TABLE
5
Elements In Images
6
Astronomy Spelling Bee
7
The First 100 Digits of Pi
8
3-letter Elementary Words
9
'C' Flowers II
10
Multiplication 12-19
Explore More
Trending Topics
Harry Potter
Kpop
Disney
Marvel
NBA
Crossword
Anime
Puzzle
Country
NFL
The Office
Song
WWE
Pokémon
Soccer
hide this ad
More By:
ZooReviewer
Quiz
Plays
Rating
Category
Featured
Created
Ape, Monkey, or Lemur?
47,217
4.76
Science
Aug 5, 2015
Animal-Ology
27,789
4.56
Science
Jun 10, 2017
You Belong in a Zoo
8,500
4.70
Science
Jul 14, 2023
Sporcle at the Zoo - Tiger
6,477
4.37
Science
Apr 10, 2017
Sporcle at the Zoo - Gorilla
4,822
4.63
Science
Apr 13, 2023
Go to Creator's Profile
Score Distribution
Quiz Creator Spotlight
ZooReviewer
Follow
Send a Message
Quizzes Created
-
Created Quiz Play Count
-
More By This Creator
Popular Quizzes Today
1
Colored Red Africa Blitz
2
Find the US States - No Outlines Minefield
3
Find the 'City' Movie
4
5x2 Blitz: Bands
5
The Countries of the World
6
Find the US States
7
Find the Countries of Europe - No Outlines Minefield
8
US States
More Science Quizzes
Simpsons Science-y Quotes
Curator's Pick
Trending Quizzes
Colored Red Europe Blitz I
Colored Red Europe Blitz II
Colored Red Africa Blitz II
Colored Red Europe Blitz III
Colored Red Africa Blitz III
Recently Updated
How Do You Spell That?
pecheneg
Godzilla Movies
pecheneg
Grab Bag: 4-10 Letters
pecheneg
2024 March Madness Bracket
pecheneg
Famous TV Couples
Peacemaker
Champions League XIs: Real Madrid
pecheneg
Largest US Cities 1790-2010
pecheneg
Rides in Walt Disney World
pecheneg
Most Oscar Losses (Acting)
pecheneg
Beyoncé Albums
pecheneg
Trending Topics
Harry Potter
Disney
Marvel
Crossword
NBA
Kpop
Anime
Puzzle
Country
NFL
WWE
Soccer
Pokémon
Song
The Office
Your Account Isn't Verified!
In order to create a playlist on Sporcle, you need to verify the email address you used during registration. Go to your
Sporcle Settings
to finish the process.
Report this User
Report this user for behavior that violates our
Community Guidelines
.
Details:
Send Report
Go to the Sporcle.com Mobile Site →
Comments